Paesi con il più alto tasso di obesità - Statistics

Statistiche generali
  • Questo quiz è stato fatto 3.617 volte
  • Il punteggio medio è 6 su 20
Statistiche sulle risposte
Taux % Pays % Corretto
36.2 Stati Uniti
99%
61.0 Nauru
34%
47.3 Samoa
31%
55.3 Palau
30%
48.2 Tonga
30%
30.8 Nuova Zelanda
29%
51.6 Tuvalu
29%
35.4 Arabia Saudita
28%
52.9 Isole Marshall
28%
32.1 Turchia
27%
46.0 Kiribati
26%
45.8 Micronesia
26%
32.0 Egitto
23%
31.7 Emirati Arabi Uniti
22%
35.1 Qatar
22%
37.9 Kuwait
18%
32.5 Libia
15%
35.5 Giordania
12%
32.0 Libano
12%
31.6 Bahamas
10%
Nessun quiz corrispondente trovato
Distribuzione punteggi
Percentuale di utenti per punteggio
Percentile per numero di risposta
I tuoi punteggi nel tempo
Non hai fatto questo quiz